[Event "GER-chT U12"]
[Site "Muenchen"]
[Date "2022.12.28"]
[Round "3"]
[White "Madel, Luca"]
[Black "Halich, Jan Finnian"]
[Result "1-0"]
[WhiteElo "1104"]
[BlackElo "1182"]
[PlyCount "43"]
[EventDate "2022.12.26"]
[EventType "team-swiss"]
[EventRounds "7"]
[EventCountry "GER"]
[SourceTitle "CBM 212 Extra"]
[Source "ChessBase"]
[SourceDate "2023.03.31"]
[SourceVersion "1"]
[SourceVersionDate "2023.03.31"]
[SourceQuality "1"]
[WhiteTeam "Barnim Schachfreunde"]
[BlackTeam "Werder Bremen"]
[WhiteTeamCountry "GER"]
[BlackTeamCountry "GER"]

1. d4 e6 2. Nf3 d5 3. b3 c5 4. e3 Nc6 5. Bb2 Qb6 6. a3 Nf6 7. Bd3 Be7 8. Nbd2 0-0 9. 0-0 Bd7 10. dxc5 Qxc5 11. Nd4 Nxd4 12. Bxd4 Bb5 13. Bxb5 Qxb5 14. f4 Rac8 15. Rf3 a6 16. Rh3 Qc6 17. Ra2 Nd7 18. Qh5 h6 19. Bxg7 f5 20. Bxf8 Bxf8 21. Qg6+ Kh8 22. Rg3 1-0

[Event "DSOL 08 Liga Gr-C 1st"]
[Site "Playchess.com INT"]
[Date "2020.07.06"]
[Round "3.4"]
[White "Halich, Jan Finnian"]
[Black "Azakeer, Omar"]
[Result "0-1"]
[WhiteElo "1000"]
[BlackElo "1000"]
[PlyCount "107"]
[EventDate "2020.06.22"]
[EventType "team-tourn (rapid)"]
[EventCountry "GER"]
[SourceTitle "EXT 2021"]
[Source "ChessBase"]
[SourceDate "2020.10.23"]
[SourceVersion "1"]
[SourceVersionDate "2020.10.23"]
[SourceQuality "1"]
[WhiteTeam "Werder Bremen IV"]
[BlackTeam "Breitenworbis II"]
[WhiteTeamCountry "GER"]
[BlackTeamCountry "GER"]

1. e4 c5 2. Nc3 d6 3. Bb5+ Bd7 4. Nf3 a6 5. Bxd7+ Nxd7 6. 0-0 Ngf6 7. d3 g6 8. Re1 Bg7 9. h3 0-0 10. d4 cxd4 11. Nxd4 Nc5 12. Nf3 Qd7 13. e5 dxe5 14. Qxd7 Nfxd7 15. Nd5 e6 16. Nb4 Rac8 17. Be3 e4 18. Bxc5 Nxc5 19. Ng5 Bxb2 20. Rab1 Bc3 21. Re3 Bxb4 22. Rxb4 h6 23. Nxe4 Nxe4 24. Rexe4 Rxc2 25. a4 Rc7 26. Rec4 Rfc8 27. Rxc7 Rxc7 28. Kh2 Kf8 29. f3 Ke7 30. Kg3 Kd6 31. h4 Kc5 32. Rb1 b5 33. Ra1 Kb4 34. axb5 axb5 35. Rb1+ Ka5 36. Ra1+ Kb6 37. Rb1 Rc2 38. Rb4 Rc4 39. Rb1 b4 40. Rb3 Kb5 41. f4 Ka4 42. Rf3 b3 43. Rf1 Ka3 44. Kg4 Ka2 45. h5 b2 46. Rf2 Ka1 47. hxg6 fxg6 48. Rf1+ Rc1 49. Rf3 b1Q 50. Ra3+ Kb2 51. Ra8 Qf5+ 52. Kg3 Rc3+ 53. Kh2 Qxf4+ 54. Kg1 0-1